<?xml version="1.0" encoding="UTF-8"?>
<record
    xmlns:xsi="http://www.w3.org/2001/XMLSchema-instance"
    xsi:schemaLocation="http://www.loc.gov/MARC21/slim http://www.loc.gov/standards/marcxml/schema/MARC21slim.xsd"
    xmlns="http://www.loc.gov/MARC21/slim">

  <leader>01393cam a22003374a 4500</leader>
  <datafield tag="999" ind1=" " ind2=" ">
    <subfield code="c">529116</subfield>
    <subfield code="d">529116</subfield>
  </datafield>
  <controlfield tag="001">12461475</controlfield>
  <controlfield tag="005">20190919191414.0</controlfield>
  <controlfield tag="008">010705m20029999nyua     b    001 0 eng  </controlfield>
  <datafield tag="010" ind1=" " ind2=" ">
    <subfield code="a">  2001045358</subfield>
  </datafield>
  <datafield tag="020" ind1=" " ind2=" ">
    <subfield code="a">0471406465 (alk. paper)</subfield>
  </datafield>
  <datafield tag="040" ind1=" " ind2=" ">
    <subfield code="a">DLC</subfield>
    <subfield code="b">eng</subfield>
    <subfield code="c">DLC</subfield>
    <subfield code="d">DLC</subfield>
  </datafield>
  <datafield tag="042" ind1=" " ind2=" ">
    <subfield code="a">pcc</subfield>
  </datafield>
  <datafield tag="050" ind1="0" ind2="0">
    <subfield code="a">TA350</subfield>
    <subfield code="b">.M458 2002</subfield>
  </datafield>
  <datafield tag="082" ind1=" " ind2=" ">
    <subfield code="a">620.1</subfield>
    <subfield code="b">MER</subfield>
  </datafield>
  <datafield tag="100" ind1="1" ind2=" ">
    <subfield code="a">Meriam, J. L.</subfield>
    <subfield code="q">(James L.)</subfield>
    <subfield code="9">20974</subfield>
  </datafield>
  <datafield tag="245" ind1="1" ind2="0">
    <subfield code="a">Engineering mechanics statics (Vol-1) /</subfield>
    <subfield code="c">J.L. Meriam, L.G. Kraige ; with special contributions by William J. Palm, III.</subfield>
  </datafield>
  <datafield tag="250" ind1=" " ind2=" ">
    <subfield code="a">5th ed.</subfield>
  </datafield>
  <datafield tag="260" ind1=" " ind2=" ">
    <subfield code="a">New Delhi :</subfield>
    <subfield code="b">J. Wiley,</subfield>
    <subfield code="c">2007-</subfield>
  </datafield>
  <datafield tag="300" ind1=" " ind2=" ">
    <subfield code="a">494 :</subfield>
    <subfield code="b">col. ill. ;</subfield>
    <subfield code="c">26 cm.</subfield>
  </datafield>
  <datafield tag="504" ind1=" " ind2=" ">
    <subfield code="a">Includes bibliographical references and index.</subfield>
  </datafield>
  <datafield tag="505" ind1="1" ind2=" ">
    <subfield code="a">v. 1. Statics -- v. 2. Dynamics.</subfield>
  </datafield>
  <datafield tag="650" ind1=" " ind2="0">
    <subfield code="a">Mechanics, Applied.</subfield>
    <subfield code="9">13090</subfield>
  </datafield>
  <datafield tag="700" ind1="1" ind2=" ">
    <subfield code="a">Kraige, L. G.</subfield>
    <subfield code="q">(L. Glenn)</subfield>
    <subfield code="9">20975</subfield>
  </datafield>
  <datafield tag="700" ind1="1" ind2=" ">
    <subfield code="a">Palm, William J.,</subfield>
    <subfield code="c">III</subfield>
    <subfield code="q">(William John),</subfield>
    <subfield code="d">1944-</subfield>
    <subfield code="9">20976</subfield>
  </datafield>
  <datafield tag="856" ind1="4" ind2="1">
    <subfield code="3">Table of contents only</subfield>
    <subfield code="u">http://www.loc.gov/catdir/toc/wiley021/2001045358.html</subfield>
  </datafield>
  <datafield tag="856" ind1="4" ind2="2">
    <subfield code="3">Publisher description</subfield>
    <subfield code="u">http://www.loc.gov/catdir/enhancements/fy0612/2001045358-d.html</subfield>
  </datafield>
  <datafield tag="906" ind1=" " ind2=" ">
    <subfield code="a">7</subfield>
    <subfield code="b">cbc</subfield>
    <subfield code="c">orignew</subfield>
    <subfield code="d">1</subfield>
    <subfield code="e">ocip</subfield>
    <subfield code="f">20</subfield>
    <subfield code="g">y-gencatlg</subfield>
  </datafield>
  <datafield tag="942" ind1=" " ind2=" ">
    <subfield code="2">ddc</subfield>
    <subfield code="c">BK</subfield>
  </datafield>
  <datafield tag="952" ind1=" " ind2=" ">
    <subfield code="0">0</subfield>
    <subfield code="1">0</subfield>
    <subfield code="2">ddc</subfield>
    <subfield code="4">0</subfield>
    <subfield code="7">0</subfield>
    <subfield code="a">NIT</subfield>
    <subfield code="b">NIT</subfield>
    <subfield code="d">2019-09-19</subfield>
    <subfield code="l">1</subfield>
    <subfield code="o">620.1 MER</subfield>
    <subfield code="p">NIT-BB501</subfield>
    <subfield code="r">2020-10-19</subfield>
    <subfield code="s">2020-01-29</subfield>
    <subfield code="w">2019-09-19</subfield>
    <subfield code="y">BK</subfield>
  </datafield>
  <datafield tag="952" ind1=" " ind2=" ">
    <subfield code="0">0</subfield>
    <subfield code="1">0</subfield>
    <subfield code="2">ddc</subfield>
    <subfield code="4">0</subfield>
    <subfield code="7">0</subfield>
    <subfield code="a">NIT</subfield>
    <subfield code="b">NIT</subfield>
    <subfield code="d">2019-09-19</subfield>
    <subfield code="l">0</subfield>
    <subfield code="o">620.1 MER</subfield>
    <subfield code="p">NIT-BB502</subfield>
    <subfield code="r">2019-09-19</subfield>
    <subfield code="w">2019-09-19</subfield>
    <subfield code="y">BK</subfield>
  </datafield>
  <datafield tag="952" ind1=" " ind2=" ">
    <subfield code="0">0</subfield>
    <subfield code="1">0</subfield>
    <subfield code="2">ddc</subfield>
    <subfield code="4">0</subfield>
    <subfield code="7">0</subfield>
    <subfield code="a">NIT</subfield>
    <subfield code="b">NIT</subfield>
    <subfield code="d">2019-09-19</subfield>
    <subfield code="l">0</subfield>
    <subfield code="o">620.1 MER</subfield>
    <subfield code="p">NIT-BB503</subfield>
    <subfield code="r">2019-09-19</subfield>
    <subfield code="w">2019-09-19</subfield>
    <subfield code="y">BK</subfield>
  </datafield>
  <datafield tag="952" ind1=" " ind2=" ">
    <subfield code="0">0</subfield>
    <subfield code="1">0</subfield>
    <subfield code="2">ddc</subfield>
    <subfield code="4">0</subfield>
    <subfield code="7">0</subfield>
    <subfield code="a">NIT</subfield>
    <subfield code="b">NIT</subfield>
    <subfield code="d">2019-09-19</subfield>
    <subfield code="l">1</subfield>
    <subfield code="o">620.1 MER</subfield>
    <subfield code="p">NIT-BB504</subfield>
    <subfield code="r">2024-01-29</subfield>
    <subfield code="s">2023-09-14</subfield>
    <subfield code="w">2019-09-19</subfield>
    <subfield code="y">BK</subfield>
  </datafield>
  <datafield tag="952" ind1=" " ind2=" ">
    <subfield code="0">0</subfield>
    <subfield code="1">0</subfield>
    <subfield code="2">ddc</subfield>
    <subfield code="4">0</subfield>
    <subfield code="7">0</subfield>
    <subfield code="a">NIT</subfield>
    <subfield code="b">NIT</subfield>
    <subfield code="d">2019-09-19</subfield>
    <subfield code="l">0</subfield>
    <subfield code="o">620.1 MER</subfield>
    <subfield code="p">NIT-BB505</subfield>
    <subfield code="r">2019-09-19</subfield>
    <subfield code="w">2019-09-19</subfield>
    <subfield code="y">BK</subfield>
  </datafield>
  <datafield tag="952" ind1=" " ind2=" ">
    <subfield code="0">0</subfield>
    <subfield code="1">0</subfield>
    <subfield code="2">ddc</subfield>
    <subfield code="4">0</subfield>
    <subfield code="7">0</subfield>
    <subfield code="a">NIT</subfield>
    <subfield code="b">NIT</subfield>
    <subfield code="d">2019-09-19</subfield>
    <subfield code="l">0</subfield>
    <subfield code="o">620.1 MER</subfield>
    <subfield code="p">NIT-BB506</subfield>
    <subfield code="r">2019-09-19</subfield>
    <subfield code="w">2019-09-19</subfield>
    <subfield code="y">BK</subfield>
  </datafield>
  <datafield tag="952" ind1=" " ind2=" ">
    <subfield code="0">0</subfield>
    <subfield code="1">0</subfield>
    <subfield code="2">ddc</subfield>
    <subfield code="4">0</subfield>
    <subfield code="7">0</subfield>
    <subfield code="a">NIT</subfield>
    <subfield code="b">NIT</subfield>
    <subfield code="d">2019-09-19</subfield>
    <subfield code="l">1</subfield>
    <subfield code="o">620.1 MER</subfield>
    <subfield code="p">NIT-BB507</subfield>
    <subfield code="q">2019-11-16</subfield>
    <subfield code="r">2019-10-17</subfield>
    <subfield code="s">2019-10-17</subfield>
    <subfield code="w">2019-09-19</subfield>
    <subfield code="y">BK</subfield>
  </datafield>
  <datafield tag="952" ind1=" " ind2=" ">
    <subfield code="0">0</subfield>
    <subfield code="1">0</subfield>
    <subfield code="2">ddc</subfield>
    <subfield code="4">0</subfield>
    <subfield code="7">0</subfield>
    <subfield code="a">NIT</subfield>
    <subfield code="b">NIT</subfield>
    <subfield code="d">2019-09-19</subfield>
    <subfield code="l">0</subfield>
    <subfield code="o">620.1 MER</subfield>
    <subfield code="p">NIT-BB508</subfield>
    <subfield code="r">2019-09-19</subfield>
    <subfield code="w">2019-09-19</subfield>
    <subfield code="y">BK</subfield>
  </datafield>
  <datafield tag="952" ind1=" " ind2=" ">
    <subfield code="0">0</subfield>
    <subfield code="1">0</subfield>
    <subfield code="2">ddc</subfield>
    <subfield code="4">0</subfield>
    <subfield code="7">0</subfield>
    <subfield code="a">NIT</subfield>
    <subfield code="b">NIT</subfield>
    <subfield code="d">2019-09-19</subfield>
    <subfield code="l">1</subfield>
    <subfield code="o">620.1 MER</subfield>
    <subfield code="p">NIT-BB509</subfield>
    <subfield code="r">2021-06-30</subfield>
    <subfield code="s">2021-03-02</subfield>
    <subfield code="w">2019-09-19</subfield>
    <subfield code="y">BK</subfield>
  </datafield>
  <datafield tag="952" ind1=" " ind2=" ">
    <subfield code="0">0</subfield>
    <subfield code="1">0</subfield>
    <subfield code="2">ddc</subfield>
    <subfield code="4">0</subfield>
    <subfield code="7">0</subfield>
    <subfield code="a">NIT</subfield>
    <subfield code="b">NIT</subfield>
    <subfield code="d">2019-09-19</subfield>
    <subfield code="l">2</subfield>
    <subfield code="m">1</subfield>
    <subfield code="o">620.1 MER</subfield>
    <subfield code="p">NIT-BB510</subfield>
    <subfield code="r">2024-01-10</subfield>
    <subfield code="s">2023-11-02</subfield>
    <subfield code="w">2019-09-19</subfield>
    <subfield code="y">BK</subfield>
  </datafield>
  <datafield tag="952" ind1=" " ind2=" ">
    <subfield code="0">0</subfield>
    <subfield code="1">0</subfield>
    <subfield code="2">ddc</subfield>
    <subfield code="4">0</subfield>
    <subfield code="7">0</subfield>
    <subfield code="a">NIT</subfield>
    <subfield code="b">NIT</subfield>
    <subfield code="d">2019-09-19</subfield>
    <subfield code="l">0</subfield>
    <subfield code="o">620.1 MER</subfield>
    <subfield code="p">NIT-BB511</subfield>
    <subfield code="r">2019-09-19</subfield>
    <subfield code="w">2019-09-19</subfield>
    <subfield code="y">BK</subfield>
  </datafield>
  <datafield tag="952" ind1=" " ind2=" ">
    <subfield code="0">0</subfield>
    <subfield code="1">0</subfield>
    <subfield code="2">ddc</subfield>
    <subfield code="4">0</subfield>
    <subfield code="7">0</subfield>
    <subfield code="a">NIT</subfield>
    <subfield code="b">NIT</subfield>
    <subfield code="d">2019-09-19</subfield>
    <subfield code="l">1</subfield>
    <subfield code="o">620.1 MER</subfield>
    <subfield code="p">NIT-BB512</subfield>
    <subfield code="r">2024-01-09</subfield>
    <subfield code="s">2023-09-19</subfield>
    <subfield code="w">2019-09-19</subfield>
    <subfield code="y">BK</subfield>
  </datafield>
  <datafield tag="952" ind1=" " ind2=" ">
    <subfield code="0">0</subfield>
    <subfield code="1">0</subfield>
    <subfield code="2">ddc</subfield>
    <subfield code="4">0</subfield>
    <subfield code="7">0</subfield>
    <subfield code="a">NIT</subfield>
    <subfield code="b">NIT</subfield>
    <subfield code="d">2019-09-19</subfield>
    <subfield code="l">4</subfield>
    <subfield code="o">620.1 MER</subfield>
    <subfield code="p">NIT-BB513</subfield>
    <subfield code="r">2025-05-27</subfield>
    <subfield code="s">2025-01-30</subfield>
    <subfield code="w">2019-09-19</subfield>
    <subfield code="y">BK</subfield>
  </datafield>
  <datafield tag="952" ind1=" " ind2=" ">
    <subfield code="0">0</subfield>
    <subfield code="1">0</subfield>
    <subfield code="2">ddc</subfield>
    <subfield code="4">0</subfield>
    <subfield code="7">0</subfield>
    <subfield code="a">NIT</subfield>
    <subfield code="b">NIT</subfield>
    <subfield code="d">2019-09-19</subfield>
    <subfield code="l">0</subfield>
    <subfield code="o">620.1 MER</subfield>
    <subfield code="p">NIT-BB514</subfield>
    <subfield code="r">2019-09-19</subfield>
    <subfield code="w">2019-09-19</subfield>
    <subfield code="y">BK</subfield>
  </datafield>
  <datafield tag="952" ind1=" " ind2=" ">
    <subfield code="0">0</subfield>
    <subfield code="1">0</subfield>
    <subfield code="2">ddc</subfield>
    <subfield code="4">0</subfield>
    <subfield code="7">0</subfield>
    <subfield code="a">NIT</subfield>
    <subfield code="b">NIT</subfield>
    <subfield code="d">2019-09-19</subfield>
    <subfield code="l">2</subfield>
    <subfield code="m">3</subfield>
    <subfield code="o">620.1 MER</subfield>
    <subfield code="p">NIT-BB515</subfield>
    <subfield code="r">2023-06-06</subfield>
    <subfield code="s">2023-01-31</subfield>
    <subfield code="w">2019-09-19</subfield>
    <subfield code="y">BK</subfield>
  </datafield>
  <datafield tag="952" ind1=" " ind2=" ">
    <subfield code="0">0</subfield>
    <subfield code="1">0</subfield>
    <subfield code="2">ddc</subfield>
    <subfield code="4">0</subfield>
    <subfield code="7">0</subfield>
    <subfield code="a">NIT</subfield>
    <subfield code="b">NIT</subfield>
    <subfield code="d">2019-09-19</subfield>
    <subfield code="l">1</subfield>
    <subfield code="o">620.1 MER</subfield>
    <subfield code="p">NIT-BB516</subfield>
    <subfield code="r">2020-10-16</subfield>
    <subfield code="s">2020-01-23</subfield>
    <subfield code="w">2019-09-19</subfield>
    <subfield code="y">BK</subfield>
  </datafield>
  <datafield tag="952" ind1=" " ind2=" ">
    <subfield code="0">0</subfield>
    <subfield code="1">0</subfield>
    <subfield code="2">ddc</subfield>
    <subfield code="4">0</subfield>
    <subfield code="7">0</subfield>
    <subfield code="a">NIT</subfield>
    <subfield code="b">NIT</subfield>
    <subfield code="d">2019-09-19</subfield>
    <subfield code="l">1</subfield>
    <subfield code="o">620.1 MER</subfield>
    <subfield code="p">NIT-BB517</subfield>
    <subfield code="r">2020-01-02</subfield>
    <subfield code="s">2019-09-27</subfield>
    <subfield code="w">2019-09-19</subfield>
    <subfield code="y">BK</subfield>
  </datafield>
  <datafield tag="952" ind1=" " ind2=" ">
    <subfield code="0">0</subfield>
    <subfield code="1">0</subfield>
    <subfield code="2">ddc</subfield>
    <subfield code="4">0</subfield>
    <subfield code="7">0</subfield>
    <subfield code="a">NIT</subfield>
    <subfield code="b">NIT</subfield>
    <subfield code="d">2019-09-19</subfield>
    <subfield code="l">0</subfield>
    <subfield code="o">620.1 MER</subfield>
    <subfield code="p">NIT-BB518</subfield>
    <subfield code="r">2019-09-19</subfield>
    <subfield code="w">2019-09-19</subfield>
    <subfield code="y">BK</subfield>
  </datafield>
  <datafield tag="952" ind1=" " ind2=" ">
    <subfield code="0">0</subfield>
    <subfield code="1">0</subfield>
    <subfield code="2">ddc</subfield>
    <subfield code="4">0</subfield>
    <subfield code="7">0</subfield>
    <subfield code="a">NIT</subfield>
    <subfield code="b">NIT</subfield>
    <subfield code="d">2019-09-19</subfield>
    <subfield code="l">1</subfield>
    <subfield code="o">620.1 MER</subfield>
    <subfield code="p">NIT-BB519</subfield>
    <subfield code="r">2024-01-09</subfield>
    <subfield code="s">2023-09-19</subfield>
    <subfield code="w">2019-09-19</subfield>
    <subfield code="y">BK</subfield>
  </datafield>
  <datafield tag="952" ind1=" " ind2=" ">
    <subfield code="0">0</subfield>
    <subfield code="1">0</subfield>
    <subfield code="2">ddc</subfield>
    <subfield code="4">0</subfield>
    <subfield code="7">0</subfield>
    <subfield code="a">NIT</subfield>
    <subfield code="b">NIT</subfield>
    <subfield code="d">2019-09-19</subfield>
    <subfield code="l">4</subfield>
    <subfield code="o">620.1 MER</subfield>
    <subfield code="p">NIT-BB520</subfield>
    <subfield code="r">2023-10-11</subfield>
    <subfield code="s">2023-09-28</subfield>
    <subfield code="w">2019-09-19</subfield>
    <subfield code="y">BK</subfield>
  </datafield>
  <datafield tag="952" ind1=" " ind2=" ">
    <subfield code="0">0</subfield>
    <subfield code="1">0</subfield>
    <subfield code="2">ddc</subfield>
    <subfield code="4">0</subfield>
    <subfield code="7">0</subfield>
    <subfield code="a">NIT</subfield>
    <subfield code="b">NIT</subfield>
    <subfield code="d">2019-09-19</subfield>
    <subfield code="l">1</subfield>
    <subfield code="o">620.1 MER</subfield>
    <subfield code="p">NIT-BB521</subfield>
    <subfield code="r">2021-11-12</subfield>
    <subfield code="s">2021-03-08</subfield>
    <subfield code="w">2019-09-19</subfield>
    <subfield code="y">BK</subfield>
  </datafield>
  <datafield tag="952" ind1=" " ind2=" ">
    <subfield code="0">0</subfield>
    <subfield code="1">0</subfield>
    <subfield code="2">ddc</subfield>
    <subfield code="4">0</subfield>
    <subfield code="7">0</subfield>
    <subfield code="a">NIT</subfield>
    <subfield code="b">NIT</subfield>
    <subfield code="d">2019-09-19</subfield>
    <subfield code="l">2</subfield>
    <subfield code="o">620.1 MER</subfield>
    <subfield code="p">NIT-BB522</subfield>
    <subfield code="r">2020-10-27</subfield>
    <subfield code="s">2020-01-23</subfield>
    <subfield code="w">2019-09-19</subfield>
    <subfield code="y">BK</subfield>
  </datafield>
  <datafield tag="952" ind1=" " ind2=" ">
    <subfield code="0">0</subfield>
    <subfield code="1">0</subfield>
    <subfield code="2">ddc</subfield>
    <subfield code="4">0</subfield>
    <subfield code="7">0</subfield>
    <subfield code="a">NIT</subfield>
    <subfield code="b">NIT</subfield>
    <subfield code="d">2019-09-19</subfield>
    <subfield code="l">0</subfield>
    <subfield code="o">620.1 MER</subfield>
    <subfield code="p">NIT-BB523</subfield>
    <subfield code="r">2019-09-19</subfield>
    <subfield code="w">2019-09-19</subfield>
    <subfield code="y">BK</subfield>
  </datafield>
  <datafield tag="952" ind1=" " ind2=" ">
    <subfield code="0">0</subfield>
    <subfield code="1">0</subfield>
    <subfield code="2">ddc</subfield>
    <subfield code="4">0</subfield>
    <subfield code="7">0</subfield>
    <subfield code="a">NIT</subfield>
    <subfield code="b">NIT</subfield>
    <subfield code="d">2019-09-19</subfield>
    <subfield code="l">3</subfield>
    <subfield code="o">620.1 MER</subfield>
    <subfield code="p">NIT-BB524</subfield>
    <subfield code="r">2024-01-12</subfield>
    <subfield code="s">2023-09-18</subfield>
    <subfield code="w">2019-09-19</subfield>
    <subfield code="y">BK</subfield>
  </datafield>
  <datafield tag="952" ind1=" " ind2=" ">
    <subfield code="0">0</subfield>
    <subfield code="1">0</subfield>
    <subfield code="2">ddc</subfield>
    <subfield code="4">0</subfield>
    <subfield code="7">0</subfield>
    <subfield code="a">NIT</subfield>
    <subfield code="b">NIT</subfield>
    <subfield code="d">2019-09-19</subfield>
    <subfield code="l">0</subfield>
    <subfield code="o">620.1 MER</subfield>
    <subfield code="p">NIT-BB525</subfield>
    <subfield code="r">2019-09-19</subfield>
    <subfield code="w">2019-09-19</subfield>
    <subfield code="y">BK</subfield>
  </datafield>
  <datafield tag="952" ind1=" " ind2=" ">
    <subfield code="0">0</subfield>
    <subfield code="1">0</subfield>
    <subfield code="2">ddc</subfield>
    <subfield code="4">0</subfield>
    <subfield code="7">0</subfield>
    <subfield code="a">NIT</subfield>
    <subfield code="b">NIT</subfield>
    <subfield code="d">2019-09-19</subfield>
    <subfield code="l">0</subfield>
    <subfield code="o">620.1 MER</subfield>
    <subfield code="p">NIT-BB526</subfield>
    <subfield code="r">2019-09-19</subfield>
    <subfield code="w">2019-09-19</subfield>
    <subfield code="y">BK</subfield>
  </datafield>
  <datafield tag="952" ind1=" " ind2=" ">
    <subfield code="0">0</subfield>
    <subfield code="1">0</subfield>
    <subfield code="2">ddc</subfield>
    <subfield code="4">0</subfield>
    <subfield code="7">0</subfield>
    <subfield code="a">NIT</subfield>
    <subfield code="b">NIT</subfield>
    <subfield code="d">2019-09-19</subfield>
    <subfield code="l">0</subfield>
    <subfield code="o">620.1 MER</subfield>
    <subfield code="p">NIT-BB527</subfield>
    <subfield code="r">2019-09-19</subfield>
    <subfield code="w">2019-09-19</subfield>
    <subfield code="y">BK</subfield>
  </datafield>
  <datafield tag="952" ind1=" " ind2=" ">
    <subfield code="0">0</subfield>
    <subfield code="1">0</subfield>
    <subfield code="2">ddc</subfield>
    <subfield code="4">0</subfield>
    <subfield code="7">0</subfield>
    <subfield code="a">NIT</subfield>
    <subfield code="b">NIT</subfield>
    <subfield code="d">2019-09-19</subfield>
    <subfield code="l">1</subfield>
    <subfield code="o">620.1 MER</subfield>
    <subfield code="p">NIT-BB528</subfield>
    <subfield code="r">2023-05-31</subfield>
    <subfield code="s">2023-02-01</subfield>
    <subfield code="w">2019-09-19</subfield>
    <subfield code="y">BK</subfield>
  </datafield>
  <datafield tag="952" ind1=" " ind2=" ">
    <subfield code="0">0</subfield>
    <subfield code="1">0</subfield>
    <subfield code="2">ddc</subfield>
    <subfield code="4">0</subfield>
    <subfield code="7">0</subfield>
    <subfield code="a">NIT</subfield>
    <subfield code="b">NIT</subfield>
    <subfield code="d">2019-09-19</subfield>
    <subfield code="l">0</subfield>
    <subfield code="o">620.1 MER</subfield>
    <subfield code="p">NIT-BB529</subfield>
    <subfield code="r">2019-09-19</subfield>
    <subfield code="w">2019-09-19</subfield>
    <subfield code="y">BK</subfield>
  </datafield>
  <datafield tag="952" ind1=" " ind2=" ">
    <subfield code="0">0</subfield>
    <subfield code="1">0</subfield>
    <subfield code="2">ddc</subfield>
    <subfield code="4">0</subfield>
    <subfield code="7">0</subfield>
    <subfield code="a">NIT</subfield>
    <subfield code="b">NIT</subfield>
    <subfield code="d">2019-09-19</subfield>
    <subfield code="l">0</subfield>
    <subfield code="o">620.1 MER</subfield>
    <subfield code="p">NIT-BB530</subfield>
    <subfield code="r">2019-09-19</subfield>
    <subfield code="w">2019-09-19</subfield>
    <subfield code="y">BK</subfield>
  </datafield>
  <datafield tag="952" ind1=" " ind2=" ">
    <subfield code="0">0</subfield>
    <subfield code="1">0</subfield>
    <subfield code="2">ddc</subfield>
    <subfield code="4">0</subfield>
    <subfield code="7">0</subfield>
    <subfield code="a">NIT</subfield>
    <subfield code="b">NIT</subfield>
    <subfield code="d">2019-09-19</subfield>
    <subfield code="l">0</subfield>
    <subfield code="o">620.1 MER</subfield>
    <subfield code="p">NIT-BB531</subfield>
    <subfield code="r">2019-09-19</subfield>
    <subfield code="w">2019-09-19</subfield>
    <subfield code="y">BK</subfield>
  </datafield>
  <datafield tag="952" ind1=" " ind2=" ">
    <subfield code="0">0</subfield>
    <subfield code="1">0</subfield>
    <subfield code="2">ddc</subfield>
    <subfield code="4">0</subfield>
    <subfield code="7">0</subfield>
    <subfield code="a">NIT</subfield>
    <subfield code="b">NIT</subfield>
    <subfield code="d">2019-09-19</subfield>
    <subfield code="l">1</subfield>
    <subfield code="o">620.1 MER</subfield>
    <subfield code="p">NIT-BB532</subfield>
    <subfield code="q">2019-11-17</subfield>
    <subfield code="r">2019-10-18</subfield>
    <subfield code="s">2019-10-18</subfield>
    <subfield code="w">2019-09-19</subfield>
    <subfield code="y">BK</subfield>
  </datafield>
  <datafield tag="952" ind1=" " ind2=" ">
    <subfield code="0">0</subfield>
    <subfield code="1">0</subfield>
    <subfield code="2">ddc</subfield>
    <subfield code="4">0</subfield>
    <subfield code="7">0</subfield>
    <subfield code="a">NIT</subfield>
    <subfield code="b">NIT</subfield>
    <subfield code="d">2019-09-19</subfield>
    <subfield code="l">0</subfield>
    <subfield code="o">620.1 MER</subfield>
    <subfield code="p">NIT-BB533</subfield>
    <subfield code="r">2019-09-19</subfield>
    <subfield code="w">2019-09-19</subfield>
    <subfield code="y">BK</subfield>
  </datafield>
  <datafield tag="952" ind1=" " ind2=" ">
    <subfield code="0">0</subfield>
    <subfield code="1">0</subfield>
    <subfield code="2">ddc</subfield>
    <subfield code="4">0</subfield>
    <subfield code="7">0</subfield>
    <subfield code="a">NIT</subfield>
    <subfield code="b">NIT</subfield>
    <subfield code="d">2019-09-19</subfield>
    <subfield code="l">0</subfield>
    <subfield code="o">620.1 MER</subfield>
    <subfield code="p">NIT-BB534</subfield>
    <subfield code="r">2019-09-19</subfield>
    <subfield code="w">2019-09-19</subfield>
    <subfield code="y">BK</subfield>
  </datafield>
  <datafield tag="952" ind1=" " ind2=" ">
    <subfield code="0">0</subfield>
    <subfield code="1">0</subfield>
    <subfield code="2">ddc</subfield>
    <subfield code="4">0</subfield>
    <subfield code="7">0</subfield>
    <subfield code="a">NIT</subfield>
    <subfield code="b">NIT</subfield>
    <subfield code="d">2019-09-19</subfield>
    <subfield code="l">1</subfield>
    <subfield code="o">620.1 MER</subfield>
    <subfield code="p">NIT-BB535</subfield>
    <subfield code="r">2020-02-18</subfield>
    <subfield code="s">2020-01-31</subfield>
    <subfield code="w">2019-09-19</subfield>
    <subfield code="y">BK</subfield>
  </datafield>
  <datafield tag="952" ind1=" " ind2=" ">
    <subfield code="0">0</subfield>
    <subfield code="1">0</subfield>
    <subfield code="2">ddc</subfield>
    <subfield code="4">0</subfield>
    <subfield code="7">0</subfield>
    <subfield code="a">NIT</subfield>
    <subfield code="b">NIT</subfield>
    <subfield code="d">2019-09-19</subfield>
    <subfield code="l">0</subfield>
    <subfield code="o">620.1 MER</subfield>
    <subfield code="p">NIT-BB536</subfield>
    <subfield code="r">2019-09-19</subfield>
    <subfield code="w">2019-09-19</subfield>
    <subfield code="y">BK</subfield>
  </datafield>
  <datafield tag="952" ind1=" " ind2=" ">
    <subfield code="0">0</subfield>
    <subfield code="1">0</subfield>
    <subfield code="2">ddc</subfield>
    <subfield code="4">0</subfield>
    <subfield code="7">0</subfield>
    <subfield code="a">NIT</subfield>
    <subfield code="b">NIT</subfield>
    <subfield code="d">2019-09-19</subfield>
    <subfield code="l">2</subfield>
    <subfield code="o">620.1 MER</subfield>
    <subfield code="p">NIT-BB537</subfield>
    <subfield code="q">2026-02-19</subfield>
    <subfield code="r">2026-01-20</subfield>
    <subfield code="s">2026-01-20</subfield>
    <subfield code="w">2019-09-19</subfield>
    <subfield code="y">BK</subfield>
  </datafield>
  <datafield tag="952" ind1=" " ind2=" ">
    <subfield code="0">0</subfield>
    <subfield code="1">0</subfield>
    <subfield code="2">ddc</subfield>
    <subfield code="4">0</subfield>
    <subfield code="7">0</subfield>
    <subfield code="a">NIT</subfield>
    <subfield code="b">NIT</subfield>
    <subfield code="d">2019-09-19</subfield>
    <subfield code="l">0</subfield>
    <subfield code="o">620.1 MER</subfield>
    <subfield code="p">NIT-BB538</subfield>
    <subfield code="r">2019-09-19</subfield>
    <subfield code="w">2019-09-19</subfield>
    <subfield code="y">BK</subfield>
  </datafield>
  <datafield tag="952" ind1=" " ind2=" ">
    <subfield code="0">0</subfield>
    <subfield code="1">0</subfield>
    <subfield code="2">ddc</subfield>
    <subfield code="4">0</subfield>
    <subfield code="7">0</subfield>
    <subfield code="a">NIT</subfield>
    <subfield code="b">NIT</subfield>
    <subfield code="d">2019-09-19</subfield>
    <subfield code="l">1</subfield>
    <subfield code="o">620.1 MER</subfield>
    <subfield code="p">NIT-BB539</subfield>
    <subfield code="q">2019-10-27</subfield>
    <subfield code="r">2019-09-27</subfield>
    <subfield code="s">2019-09-27</subfield>
    <subfield code="w">2019-09-19</subfield>
    <subfield code="y">BK</subfield>
  </datafield>
  <datafield tag="952" ind1=" " ind2=" ">
    <subfield code="0">0</subfield>
    <subfield code="1">0</subfield>
    <subfield code="2">ddc</subfield>
    <subfield code="4">0</subfield>
    <subfield code="7">0</subfield>
    <subfield code="a">NIT</subfield>
    <subfield code="b">NIT</subfield>
    <subfield code="d">2019-09-19</subfield>
    <subfield code="l">2</subfield>
    <subfield code="o">620.1 MER</subfield>
    <subfield code="p">NIT-BB540</subfield>
    <subfield code="r">2026-01-21</subfield>
    <subfield code="s">2025-03-12</subfield>
    <subfield code="w">2019-09-19</subfield>
    <subfield code="y">BK</subfield>
  </datafield>
  <datafield tag="952" ind1=" " ind2=" ">
    <subfield code="0">0</subfield>
    <subfield code="1">0</subfield>
    <subfield code="2">ddc</subfield>
    <subfield code="4">0</subfield>
    <subfield code="7">0</subfield>
    <subfield code="a">NIT</subfield>
    <subfield code="b">NIT</subfield>
    <subfield code="d">2019-09-19</subfield>
    <subfield code="l">0</subfield>
    <subfield code="o">620.1 MER</subfield>
    <subfield code="p">NIT-BB541</subfield>
    <subfield code="r">2019-09-19</subfield>
    <subfield code="w">2019-09-19</subfield>
    <subfield code="y">BK</subfield>
  </datafield>
  <datafield tag="952" ind1=" " ind2=" ">
    <subfield code="0">0</subfield>
    <subfield code="1">0</subfield>
    <subfield code="2">ddc</subfield>
    <subfield code="4">0</subfield>
    <subfield code="7">0</subfield>
    <subfield code="a">NIT</subfield>
    <subfield code="b">NIT</subfield>
    <subfield code="d">2019-09-19</subfield>
    <subfield code="l">0</subfield>
    <subfield code="o">620.1 MER</subfield>
    <subfield code="p">NIT-BB542</subfield>
    <subfield code="r">2019-09-19</subfield>
    <subfield code="w">2019-09-19</subfield>
    <subfield code="y">BK</subfield>
  </datafield>
  <datafield tag="952" ind1=" " ind2=" ">
    <subfield code="0">0</subfield>
    <subfield code="1">0</subfield>
    <subfield code="2">ddc</subfield>
    <subfield code="4">0</subfield>
    <subfield code="7">0</subfield>
    <subfield code="a">NIT</subfield>
    <subfield code="b">NIT</subfield>
    <subfield code="d">2019-09-19</subfield>
    <subfield code="l">2</subfield>
    <subfield code="m">1</subfield>
    <subfield code="o">620.1 MER</subfield>
    <subfield code="p">NIT-BB543</subfield>
    <subfield code="r">2024-02-22</subfield>
    <subfield code="s">2023-10-30</subfield>
    <subfield code="w">2019-09-19</subfield>
    <subfield code="y">BK</subfield>
  </datafield>
  <datafield tag="952" ind1=" " ind2=" ">
    <subfield code="0">0</subfield>
    <subfield code="1">0</subfield>
    <subfield code="2">ddc</subfield>
    <subfield code="4">0</subfield>
    <subfield code="7">0</subfield>
    <subfield code="a">NIT</subfield>
    <subfield code="b">NIT</subfield>
    <subfield code="d">2019-09-19</subfield>
    <subfield code="l">3</subfield>
    <subfield code="m">1</subfield>
    <subfield code="o">620.1 MER</subfield>
    <subfield code="p">NIT-BB544</subfield>
    <subfield code="r">2026-05-15</subfield>
    <subfield code="s">2023-09-12</subfield>
    <subfield code="w">2019-09-19</subfield>
    <subfield code="y">BK</subfield>
  </datafield>
  <datafield tag="952" ind1=" " ind2=" ">
    <subfield code="0">0</subfield>
    <subfield code="1">0</subfield>
    <subfield code="2">ddc</subfield>
    <subfield code="4">0</subfield>
    <subfield code="7">0</subfield>
    <subfield code="a">NIT</subfield>
    <subfield code="b">NIT</subfield>
    <subfield code="d">2019-09-19</subfield>
    <subfield code="l">1</subfield>
    <subfield code="o">620.1 MER</subfield>
    <subfield code="p">NIT-BB545</subfield>
    <subfield code="r">2024-01-09</subfield>
    <subfield code="s">2023-10-04</subfield>
    <subfield code="w">2019-09-19</subfield>
    <subfield code="y">BK</subfield>
  </datafield>
  <datafield tag="952" ind1=" " ind2=" ">
    <subfield code="0">0</subfield>
    <subfield code="1">0</subfield>
    <subfield code="2">ddc</subfield>
    <subfield code="4">0</subfield>
    <subfield code="7">0</subfield>
    <subfield code="a">NIT</subfield>
    <subfield code="b">NIT</subfield>
    <subfield code="d">2019-09-19</subfield>
    <subfield code="l">0</subfield>
    <subfield code="o">620.1 MER</subfield>
    <subfield code="p">NIT-BB546</subfield>
    <subfield code="r">2019-09-19</subfield>
    <subfield code="w">2019-09-19</subfield>
    <subfield code="y">BK</subfield>
  </datafield>
  <datafield tag="952" ind1=" " ind2=" ">
    <subfield code="0">0</subfield>
    <subfield code="1">0</subfield>
    <subfield code="2">ddc</subfield>
    <subfield code="4">0</subfield>
    <subfield code="7">0</subfield>
    <subfield code="a">NIT</subfield>
    <subfield code="b">NIT</subfield>
    <subfield code="d">2019-09-19</subfield>
    <subfield code="l">4</subfield>
    <subfield code="o">620.1 MER</subfield>
    <subfield code="p">NIT-BB547</subfield>
    <subfield code="r">2025-05-30</subfield>
    <subfield code="s">2025-03-12</subfield>
    <subfield code="w">2019-09-19</subfield>
    <subfield code="y">BK</subfield>
  </datafield>
  <datafield tag="952" ind1=" " ind2=" ">
    <subfield code="0">0</subfield>
    <subfield code="1">0</subfield>
    <subfield code="2">ddc</subfield>
    <subfield code="4">0</subfield>
    <subfield code="7">0</subfield>
    <subfield code="a">NIT</subfield>
    <subfield code="b">NIT</subfield>
    <subfield code="d">2019-09-19</subfield>
    <subfield code="l">3</subfield>
    <subfield code="m">3</subfield>
    <subfield code="o">620.1 MER</subfield>
    <subfield code="p">NIT-BB548</subfield>
    <subfield code="r">2024-01-11</subfield>
    <subfield code="s">2023-09-18</subfield>
    <subfield code="w">2019-09-19</subfield>
    <subfield code="y">BK</subfield>
  </datafield>
  <datafield tag="952" ind1=" " ind2=" ">
    <subfield code="0">0</subfield>
    <subfield code="1">0</subfield>
    <subfield code="2">ddc</subfield>
    <subfield code="4">0</subfield>
    <subfield code="7">0</subfield>
    <subfield code="a">NIT</subfield>
    <subfield code="b">NIT</subfield>
    <subfield code="d">2019-09-19</subfield>
    <subfield code="l">1</subfield>
    <subfield code="o">620.1 MER</subfield>
    <subfield code="p">NIT-BB549</subfield>
    <subfield code="r">2024-05-20</subfield>
    <subfield code="s">2023-09-12</subfield>
    <subfield code="w">2019-09-19</subfield>
    <subfield code="y">BK</subfield>
  </datafield>
  <datafield tag="952" ind1=" " ind2=" ">
    <subfield code="0">0</subfield>
    <subfield code="1">0</subfield>
    <subfield code="2">ddc</subfield>
    <subfield code="4">0</subfield>
    <subfield code="7">0</subfield>
    <subfield code="a">NIT</subfield>
    <subfield code="b">NIT</subfield>
    <subfield code="d">2019-09-19</subfield>
    <subfield code="l">4</subfield>
    <subfield code="o">620.1 MER</subfield>
    <subfield code="p">NIT-BB550</subfield>
    <subfield code="r">2024-01-12</subfield>
    <subfield code="s">2023-12-21</subfield>
    <subfield code="w">2019-09-19</subfield>
    <subfield code="y">BK</subfield>
  </datafield>
  <datafield tag="952" ind1=" " ind2=" ">
    <subfield code="0">0</subfield>
    <subfield code="1">0</subfield>
    <subfield code="2">ddc</subfield>
    <subfield code="4">0</subfield>
    <subfield code="7">0</subfield>
    <subfield code="a">NIT</subfield>
    <subfield code="b">NIT</subfield>
    <subfield code="d">2019-09-19</subfield>
    <subfield code="l">0</subfield>
    <subfield code="o">620.1 MER</subfield>
    <subfield code="p">NIT-BB551</subfield>
    <subfield code="r">2019-09-19</subfield>
    <subfield code="w">2019-09-19</subfield>
    <subfield code="y">BK</subfield>
  </datafield>
  <datafield tag="952" ind1=" " ind2=" ">
    <subfield code="0">0</subfield>
    <subfield code="1">0</subfield>
    <subfield code="2">ddc</subfield>
    <subfield code="4">0</subfield>
    <subfield code="7">0</subfield>
    <subfield code="a">NIT</subfield>
    <subfield code="b">NIT</subfield>
    <subfield code="d">2019-09-19</subfield>
    <subfield code="l">1</subfield>
    <subfield code="o">620.1 MER</subfield>
    <subfield code="p">NIT-BB552</subfield>
    <subfield code="r">2021-06-30</subfield>
    <subfield code="s">2021-03-02</subfield>
    <subfield code="w">2019-09-19</subfield>
    <subfield code="y">BK</subfield>
  </datafield>
  <datafield tag="952" ind1=" " ind2=" ">
    <subfield code="0">0</subfield>
    <subfield code="1">0</subfield>
    <subfield code="2">ddc</subfield>
    <subfield code="4">0</subfield>
    <subfield code="7">0</subfield>
    <subfield code="a">NIT</subfield>
    <subfield code="b">NIT</subfield>
    <subfield code="d">2019-09-19</subfield>
    <subfield code="l">1</subfield>
    <subfield code="o">620.1 MER</subfield>
    <subfield code="p">NIT-BB553</subfield>
    <subfield code="q">2019-10-27</subfield>
    <subfield code="r">2019-09-27</subfield>
    <subfield code="s">2019-09-27</subfield>
    <subfield code="w">2019-09-19</subfield>
    <subfield code="y">BK</subfield>
  </datafield>
  <datafield tag="952" ind1=" " ind2=" ">
    <subfield code="0">0</subfield>
    <subfield code="1">0</subfield>
    <subfield code="2">ddc</subfield>
    <subfield code="4">0</subfield>
    <subfield code="7">0</subfield>
    <subfield code="a">NIT</subfield>
    <subfield code="b">NIT</subfield>
    <subfield code="d">2019-09-19</subfield>
    <subfield code="l">0</subfield>
    <subfield code="o">620.1 MER</subfield>
    <subfield code="p">NIT-BB554</subfield>
    <subfield code="r">2019-09-19</subfield>
    <subfield code="w">2019-09-19</subfield>
    <subfield code="y">BK</subfield>
  </datafield>
  <datafield tag="952" ind1=" " ind2=" ">
    <subfield code="0">0</subfield>
    <subfield code="1">0</subfield>
    <subfield code="2">ddc</subfield>
    <subfield code="4">0</subfield>
    <subfield code="7">0</subfield>
    <subfield code="a">NIT</subfield>
    <subfield code="b">NIT</subfield>
    <subfield code="d">2019-09-19</subfield>
    <subfield code="l">0</subfield>
    <subfield code="o">620.1 MER</subfield>
    <subfield code="p">NIT-BB555</subfield>
    <subfield code="r">2023-06-05</subfield>
    <subfield code="w">2019-09-19</subfield>
    <subfield code="y">BK</subfield>
  </datafield>
  <datafield tag="952" ind1=" " ind2=" ">
    <subfield code="0">0</subfield>
    <subfield code="1">0</subfield>
    <subfield code="2">ddc</subfield>
    <subfield code="4">0</subfield>
    <subfield code="7">0</subfield>
    <subfield code="a">NIT</subfield>
    <subfield code="b">NIT</subfield>
    <subfield code="d">2019-09-19</subfield>
    <subfield code="l">3</subfield>
    <subfield code="m">3</subfield>
    <subfield code="o">620.1 MER</subfield>
    <subfield code="p">NIT-BB556</subfield>
    <subfield code="r">2026-02-09</subfield>
    <subfield code="s">2023-09-28</subfield>
    <subfield code="w">2019-09-19</subfield>
    <subfield code="y">BK</subfield>
  </datafield>
  <datafield tag="952" ind1=" " ind2=" ">
    <subfield code="0">0</subfield>
    <subfield code="1">0</subfield>
    <subfield code="2">ddc</subfield>
    <subfield code="4">0</subfield>
    <subfield code="7">0</subfield>
    <subfield code="a">NIT</subfield>
    <subfield code="b">NIT</subfield>
    <subfield code="d">2019-09-19</subfield>
    <subfield code="l">7</subfield>
    <subfield code="m">2</subfield>
    <subfield code="o">620.1 MER</subfield>
    <subfield code="p">NIT-BB557</subfield>
    <subfield code="r">2024-01-29</subfield>
    <subfield code="s">2023-10-04</subfield>
    <subfield code="w">2019-09-19</subfield>
    <subfield code="y">BK</subfield>
  </datafield>
  <datafield tag="952" ind1=" " ind2=" ">
    <subfield code="0">0</subfield>
    <subfield code="1">0</subfield>
    <subfield code="2">ddc</subfield>
    <subfield code="4">0</subfield>
    <subfield code="7">0</subfield>
    <subfield code="a">NIT</subfield>
    <subfield code="b">NIT</subfield>
    <subfield code="d">2019-09-19</subfield>
    <subfield code="l">1</subfield>
    <subfield code="o">620.1 MER</subfield>
    <subfield code="p">NIT-BB558</subfield>
    <subfield code="q">2019-10-27</subfield>
    <subfield code="r">2019-09-27</subfield>
    <subfield code="s">2019-09-27</subfield>
    <subfield code="w">2019-09-19</subfield>
    <subfield code="y">BK</subfield>
  </datafield>
  <datafield tag="952" ind1=" " ind2=" ">
    <subfield code="0">0</subfield>
    <subfield code="1">0</subfield>
    <subfield code="2">ddc</subfield>
    <subfield code="4">0</subfield>
    <subfield code="7">0</subfield>
    <subfield code="a">NIT</subfield>
    <subfield code="b">NIT</subfield>
    <subfield code="d">2019-09-19</subfield>
    <subfield code="l">0</subfield>
    <subfield code="o">620.1 MER</subfield>
    <subfield code="p">NIT-BB559</subfield>
    <subfield code="r">2019-09-19</subfield>
    <subfield code="w">2019-09-19</subfield>
    <subfield code="y">BK</subfield>
  </datafield>
  <datafield tag="952" ind1=" " ind2=" ">
    <subfield code="0">0</subfield>
    <subfield code="1">0</subfield>
    <subfield code="2">ddc</subfield>
    <subfield code="4">0</subfield>
    <subfield code="7">0</subfield>
    <subfield code="a">NIT</subfield>
    <subfield code="b">NIT</subfield>
    <subfield code="d">2019-09-19</subfield>
    <subfield code="l">2</subfield>
    <subfield code="m">2</subfield>
    <subfield code="o">620.1 MER</subfield>
    <subfield code="p">NIT-BB560</subfield>
    <subfield code="r">2023-11-01</subfield>
    <subfield code="s">2023-01-31</subfield>
    <subfield code="w">2019-09-19</subfield>
    <subfield code="y">BK</subfield>
  </datafield>
  <datafield tag="952" ind1=" " ind2=" ">
    <subfield code="0">0</subfield>
    <subfield code="1">0</subfield>
    <subfield code="2">ddc</subfield>
    <subfield code="4">0</subfield>
    <subfield code="7">0</subfield>
    <subfield code="a">NIT</subfield>
    <subfield code="b">NIT</subfield>
    <subfield code="d">2019-09-19</subfield>
    <subfield code="l">3</subfield>
    <subfield code="m">3</subfield>
    <subfield code="o">620.1 MER</subfield>
    <subfield code="p">NIT-BB561</subfield>
    <subfield code="r">2025-05-30</subfield>
    <subfield code="s">2025-03-12</subfield>
    <subfield code="w">2019-09-19</subfield>
    <subfield code="y">BK</subfield>
  </datafield>
  <datafield tag="952" ind1=" " ind2=" ">
    <subfield code="0">0</subfield>
    <subfield code="1">0</subfield>
    <subfield code="2">ddc</subfield>
    <subfield code="4">0</subfield>
    <subfield code="7">0</subfield>
    <subfield code="a">NIT</subfield>
    <subfield code="b">NIT</subfield>
    <subfield code="d">2019-09-19</subfield>
    <subfield code="l">0</subfield>
    <subfield code="o">620.1 MER</subfield>
    <subfield code="p">NIT-BB562</subfield>
    <subfield code="r">2019-09-19</subfield>
    <subfield code="w">2019-09-19</subfield>
    <subfield code="y">BK</subfield>
  </datafield>
  <datafield tag="952" ind1=" " ind2=" ">
    <subfield code="0">0</subfield>
    <subfield code="1">0</subfield>
    <subfield code="2">ddc</subfield>
    <subfield code="4">0</subfield>
    <subfield code="7">0</subfield>
    <subfield code="a">NIT</subfield>
    <subfield code="b">NIT</subfield>
    <subfield code="d">2019-09-19</subfield>
    <subfield code="l">1</subfield>
    <subfield code="o">620.1 MER</subfield>
    <subfield code="p">NIT-BB563</subfield>
    <subfield code="r">2023-06-02</subfield>
    <subfield code="s">2023-01-31</subfield>
    <subfield code="w">2019-09-19</subfield>
    <subfield code="y">BK</subfield>
  </datafield>
  <datafield tag="952" ind1=" " ind2=" ">
    <subfield code="0">0</subfield>
    <subfield code="1">0</subfield>
    <subfield code="2">ddc</subfield>
    <subfield code="4">0</subfield>
    <subfield code="7">0</subfield>
    <subfield code="a">NIT</subfield>
    <subfield code="b">NIT</subfield>
    <subfield code="d">2019-09-19</subfield>
    <subfield code="l">0</subfield>
    <subfield code="o">620.1 MER</subfield>
    <subfield code="p">NIT-BB564</subfield>
    <subfield code="r">2021-07-12</subfield>
    <subfield code="w">2019-09-19</subfield>
    <subfield code="y">BK</subfield>
  </datafield>
  <datafield tag="952" ind1=" " ind2=" ">
    <subfield code="0">0</subfield>
    <subfield code="1">0</subfield>
    <subfield code="2">ddc</subfield>
    <subfield code="4">0</subfield>
    <subfield code="7">0</subfield>
    <subfield code="a">NIT</subfield>
    <subfield code="b">NIT</subfield>
    <subfield code="d">2019-09-19</subfield>
    <subfield code="l">0</subfield>
    <subfield code="o">620.1 MER</subfield>
    <subfield code="p">NIT-BB565</subfield>
    <subfield code="r">2019-09-19</subfield>
    <subfield code="w">2019-09-19</subfield>
    <subfield code="y">BK</subfield>
  </datafield>
  <datafield tag="952" ind1=" " ind2=" ">
    <subfield code="0">0</subfield>
    <subfield code="1">0</subfield>
    <subfield code="2">ddc</subfield>
    <subfield code="4">0</subfield>
    <subfield code="7">0</subfield>
    <subfield code="a">NIT</subfield>
    <subfield code="b">NIT</subfield>
    <subfield code="d">2019-09-19</subfield>
    <subfield code="l">0</subfield>
    <subfield code="o">620.1 MER</subfield>
    <subfield code="p">NIT-BB566</subfield>
    <subfield code="r">2019-09-19</subfield>
    <subfield code="w">2019-09-19</subfield>
    <subfield code="y">BK</subfield>
  </datafield>
  <datafield tag="952" ind1=" " ind2=" ">
    <subfield code="0">0</subfield>
    <subfield code="1">0</subfield>
    <subfield code="2">ddc</subfield>
    <subfield code="4">0</subfield>
    <subfield code="7">0</subfield>
    <subfield code="a">NIT</subfield>
    <subfield code="b">NIT</subfield>
    <subfield code="d">2019-09-19</subfield>
    <subfield code="l">1</subfield>
    <subfield code="o">620.1 MER</subfield>
    <subfield code="p">NIT-BB567</subfield>
    <subfield code="r">2023-11-10</subfield>
    <subfield code="s">2023-10-27</subfield>
    <subfield code="w">2019-09-19</subfield>
    <subfield code="y">BK</subfield>
  </datafield>
  <datafield tag="952" ind1=" " ind2=" ">
    <subfield code="0">0</subfield>
    <subfield code="1">0</subfield>
    <subfield code="2">ddc</subfield>
    <subfield code="4">0</subfield>
    <subfield code="7">0</subfield>
    <subfield code="a">NIT</subfield>
    <subfield code="b">NIT</subfield>
    <subfield code="d">2019-09-19</subfield>
    <subfield code="l">0</subfield>
    <subfield code="o">620.1 MER</subfield>
    <subfield code="p">NIT-BB568</subfield>
    <subfield code="r">2019-09-19</subfield>
    <subfield code="w">2019-09-19</subfield>
    <subfield code="y">BK</subfield>
  </datafield>
  <datafield tag="952" ind1=" " ind2=" ">
    <subfield code="0">0</subfield>
    <subfield code="1">0</subfield>
    <subfield code="2">ddc</subfield>
    <subfield code="4">0</subfield>
    <subfield code="7">0</subfield>
    <subfield code="a">NIT</subfield>
    <subfield code="b">NIT</subfield>
    <subfield code="d">2019-09-19</subfield>
    <subfield code="l">2</subfield>
    <subfield code="m">2</subfield>
    <subfield code="o">620.1 MER</subfield>
    <subfield code="p">NIT-BB569</subfield>
    <subfield code="r">2024-01-09</subfield>
    <subfield code="s">2023-09-12</subfield>
    <subfield code="w">2019-09-19</subfield>
    <subfield code="y">BK</subfield>
  </datafield>
  <datafield tag="952" ind1=" " ind2=" ">
    <subfield code="0">0</subfield>
    <subfield code="1">0</subfield>
    <subfield code="2">ddc</subfield>
    <subfield code="4">0</subfield>
    <subfield code="7">0</subfield>
    <subfield code="a">NIT</subfield>
    <subfield code="b">NIT</subfield>
    <subfield code="d">2019-09-19</subfield>
    <subfield code="l">1</subfield>
    <subfield code="o">620.1 MER</subfield>
    <subfield code="p">NIT-BB570</subfield>
    <subfield code="r">2024-01-12</subfield>
    <subfield code="s">2020-01-31</subfield>
    <subfield code="w">2019-09-19</subfield>
    <subfield code="y">BK</subfield>
  </datafield>
</record>
